| 000 | 01175nac a22003131i 4500 | ||
|---|---|---|---|
| 003 | EG-ScBUE | ||
| 005 | 20241027125804.0 | ||
| 008 | 241027t2004 maua f b 001 0 eng d | ||
| 020 | _a0763723878 | ||
| 020 | _a9780763723873 | ||
| 040 |
_aEG-ScBUE _beng _erda _cEG-ScBUE _dEG-ScBUE |
||
| 082 | 0 | 4 |
_a518.1 _bNEA _222 |
| 100 | 1 |
_aNeapolitan, Richard E., _eauthor. |
|
| 245 | 1 | 0 |
_aFoundations of algorithms : _busing C++ pseudocode / _cRichard E. Neapolitan, Northeastern Illinois University, Kumarss Naimipour, Northeastern Illinois University. |
| 250 | _aThird edition. | ||
| 264 | 1 |
_aSudbury, Mass. : _bJones and Bartlett, _c[2004] |
|
| 264 | 4 | _cc2004 | |
| 300 |
_axv, 617 pages : _billustrations ; _c24 cm |
||
| 336 |
_2rdacontent _atext _btxt |
||
| 337 |
_aunmediated _2rdamedia _bn |
||
| 338 |
_avolume _bnc _2rdacarrier |
||
| 504 | _aIncludes bibliographical references and index. | ||
| 650 | 7 |
_aAlgorithms. _2BUEsh |
|
| 650 | 7 |
_aConstructive mathematics. _2BUEsh |
|
| 650 | 7 |
_aComputational complexity. _2BUEsh |
|
| 700 | 1 |
_aNaimipour, Kumarss, _eauthor. |
|
| 856 | 4 | 1 |
_3Table of contents _uhttp://www.loc.gov/catdir/toc/ecip046/2003015407.html |
| 942 |
_cBB _2ddc |
||
| 999 |
_c610 _d610 |
||